Wszyscy amerykańscy skoczkowie narciarscy w historii - Statystyki

Ogólne statystyki
  • Ten quiz został rozwiązany 18 razy
  • Średni wynik to 8 z 80
Statystyki odpowiedzi
Odpowiedź % Poprawnych
Kevin Bickner
93%
Decker Dean
79%
Erik Belshaw
64%
Andrew Urlaub
50%
Alan Alborn
43%
Casey Larson
43%
Clint Jones
36%
Michael Glasder
36%
Patrick Gasienica
36%
Anders Johnson
29%
Casey Colby
29%
Chris Hastings
29%
Jeff Hastings
29%
Nicholas Alexander
29%
Nicholas Fairall
29%
William Rhoads
29%
Jim Holland
21%
Mike Holland
21%
Peter Frenette
21%
Thomas Schwall
14%
Chris Lamb
7%
John Broman
7%
Mark Konopacke
7%
Anders Haugen
0%
Ansten Samuelstuen
0%
Art Devlin
0%
Brendan Doran
0%
Brian Wallace
0%
Brian Welch
0%
Bryan Sanders
0%
Caspar Oimoen
0%
Chris McNell
0%
Christian Friberg
0%
Corby Fisher
0%
Dennis McGrane
0%
Eduard Subocz
0%
Gene Kotlarek
0%
Gordon Wren
0%
Greg Boester
0%
Greg Windsperger
0%
Harry Lien
0%
Jeff Davis
0%
Jeff Wright
0%
Jerry Martin
0%
Jim Denney
0%
Jim Denney
0%
Jim Grahek
0%
Jim Maki
0%
John Balfanz
0%
John Denney
0%
John Lyons
0%
Keith Wegeman
0%
Kip Sundgaard
0%
Kurt Stein
0%
Landis Arnold
0%
Lemoine Batson
0%
Lubym Kohan
0%
Matt Kuusinen
0%
Michael Keuler
0%
Nicholas Mattoon
0%
Nils Stolzlechner
0%
Paul Bietila
0%
Ragnar Omtvedt
0%
Randy Weber
0%
Reed Zuehlke
0%
Rhys Hecox
0%
Rick Mewborn
0%
Robert Holme
0%
Rolf Monsen
0%
Ron Steele
0%
Roy Sherwood
0%
Scott Berry
0%
Sigurd Overby
0%
Ted Langlois
0%
Terry Kern
0%
Tim Williams
0%
Torger Tokle
0%
Walter Malmquist
0%
William Erickson
0%
Zane Palmer
0%
Nie znaleziono quizów pasujących do podanych kryteriów
Rozkład punktacji
Procent ludzi z każdym wynikiem
Percentyl według liczby udzielonych odpowiedzi
Twoja historia wyników
Nie rozwiązałeś tego quizu